Rosie and Mr. William Star / (Record no. 9998)

MARC details
000 -LEADER
fixed length control field 00918nam a22002537a 4500
001 - CONTROL NUMBER
control field 9998
003 - CONTROL NUMBER IDENTIFIER
control field FISKH
005 - DATE AND TIME OF LATEST TRANSACTION
control field 20260403110527.0
008 - FIXED-LENGTH DATA ELEMENTS--GENERAL INFORMATION
fixed length control field 260325b cb ||||| |||| 00| 0 eng d
040 ## - CATALOGING SOURCE
Original cataloging agency FISKH
Language of cataloging eng
Transcribing agency FISKH
Modifying agency FISKH
050 ## - LIBRARY OF CONGRESS CALL NUMBER
Classification number PZ7
082 ## - DEWEY DECIMAL CLASSIFICATION NUMBER
Classification number Fic
100 ## - MAIN ENTRY--PERSONAL NAME
Personal name Bunting , Eve
245 ## - TITLE STATEMENT
Title Rosie and Mr. William Star /
Statement of responsibility, etc. by Eve Bunting : pictures by Jerry Pinkey
260 ## - PUBLICATION, DISTRIBUTION, ETC.
Place of publication, distribution, etc. Boston :
Name of publisher, distributor, etc. Houghton Mifflin Company ,
Date of publication, distribution, etc. 1981 .
300 ## - PHYSICAL DESCRIPTION
Extent 16 pages :
Other physical details color illustrations ;
Dimensions 23 cm .
505 ## - FORMATTED CONTENTS NOTE
Formatted contents note G <br/>
520 ## - SUMMARY, ETC.
Summary, etc. This story is about a young girl named Rosie who forms a friendship with an elderly man named Mr. William Star.<br/>He is a lonely person and does not have many friends. Rosie approaches him with sincerity and kindness.
521 8# - TARGET AUDIENCE NOTE
Target audience note 400 <br/>
Source Lexile estimate <br/>
521 8# - TARGET AUDIENCE NOTE
Target audience note G <br/>
Source Raz-Plus <br/>
700 ## - ADDED ENTRY--PERSONAL NAME
Personal name Pinkney , Jerry
Relator term Illustrator
942 ## - ADDED ENTRY ELEMENTS (KOHA)
Source of classification or shelving scheme Dewey Decimal Classification
Koha item type Books
Suppress in OPAC No
Holdings
Withdrawn status Lost status Source of classification or shelving scheme Damaged status Not for loan Collection Home library Current library Shelving location Date acquired Total Checkouts Full call number Barcode Date last seen Copy number Price effective from Koha item type
    Dewey Decimal Classification     Juvenile Fiction Footprints International School Library Network Toul Tom Poung Campus Footprints International School Library Network Toul Tom Poung Campus TTP Primary Dark Blue Bookshelves 03/25/2026   BUN PZ7 Fic FISBK01775 03/25/2026 1 03/25/2026 Books
    Dewey Decimal Classification     Juvenile Fiction Footprints International School Library Network Toul Tom Poung Campus Footprints International School Library Network Toul Tom Poung Campus TTP Primary Dark Blue Bookshelves 04/03/2026   BUN PZ7 Fic FISBK01776 04/03/2026 2 04/03/2026 Books